000 00641nas a2200217 4500
001 BR0807108
003 BR-BrBNA
005 20231205112202.0
007 ta
008 230509b bl.|||p| |||| 00| 00por d
040 _aBR-BrBNA
_bpor
_cBiblioteca Nacional de Agricultura
041 _a(Pt)
072 _aH10; L20
100 1 _aCasela, C.R.
245 1 _aBiologia de populações de fitopatógenos
650 _aFITOPATOLOGIA
650 _aPOPULAÇÃO
773 0 _tFitopatologia Brasileira (Brazil)
_xISSN 0100-4158
_g(Aug 2002), v. 27(suppl.) p. 31-32
_wBR0807108
909 _a202311
_bLúcia
_c55
_dLúcia Elande
942 _2AGRIS
_n0
_cANA
999 _c196594
_d196594